Statistics for Best Selling Female Rappers

Click here to take the quiz!

General Stats

  • This quiz has been taken 111 times
  • The average score is 4 of 8

Answer Stats

SalesRapper% Correct
100 MNicki Minaj
95%
31 MCardi B
94%
45 MLil’ Kim
55%
30 MMissy Elliott
55%
31 MDoja Cat
53%
50 MLauryn Hill
39%
48 MIggy Azalea
35%
25 MFoxy Brown
17%

Score Distribution

Percentile by Number Answered

Percent of People with Each Score

Your Score History

You have not taken this quiz